00726nam a2200229Ii 45000010005000000030009000050080041000140200014000550400033000690410008001020820016001101000022001262450023001482640029001713000012002003360026002123370028002383380027002669400050002939990017003439520136003608839CO-ViMGA241108s9999||||xx |||||||||||||| ||und|| a925300163 aCO-ViMGAbspaerdacCO-ViMGA0 aspa04a631.62 D5611 aP.G Dilman95105210aEnsayos de drenaje 1aRoma, Italia : FAO, 1984 avolumen atextbtxt2rdacontent aunmediatedbn2rdamedia avolumebnc2rdacarrier aidficha_siabuc: 8640. -- ficha_no_siabuc:8839 c45761d45761 001040708001aMEVIGERRbMEVIGERRcGENd2006-11-27o631.62 D561pECA9226r2024-11-26 09:29:09tEj.1w2024-11-26yBKz8640 | 12091